MARC

LEADER 00000nas a2200000 a 4500
001 ssj0023961
003 WaSeSS
005 20200512172242.0
006 m d
007 cr n
008 030806c20049999mduqr pss 0 a0eng c
010 |a  2003215414 
022 |a 1545-8504  |l 1545-8490  |y 1545-8490 
035 |a (WaSeSS)ssj0023961 
037 |b Institute for Operations Research and the Management of Sciences, 901 Elkridge Landing Rd., Ste. 400, Linthicum, MD 21090 
040 |a NSD  |b eng  |c NSD  |d MUQ  |d OCLCQ  |d NSD  |d MYG  |d UMC  |d PUL  |d OCLCQ  |d OCLCF  |d OCLCO  |d OCLCQ  |d OCLCO  |d VT2  |d WaSeSS 
042 |a nsdp  |a pcc 
050 4 |a HD30.23  |b .D3777 
082 1 0 |a 658  |2 13 
130 0 |a Decision analysis (Online) 
210 0 |a Dec. anal.  |b (Online) 
222 0 |a Decision analysis  |b (Online) 
245 1 0 |a Decision analysis  |h [electronic resource]. 
260 |a Linthicum, Md. :  |b Institute for Operations Research and the Management of Sciences 
310 |a Quarterly 
362 1 |a Began in 2004. 
506 |a License restrictions may limit access. 
538 |a Mode of access: World Wide Web. 
588 |a Description based on: Vol. 2, no. 5 (Sept. 2005) (viewed publisher's Web site Dec. 1, 2005). 
650 0 |a Decision making  |v Periodicals. 
650 7 |a Decision making.  |2 fast  |0 (OCoLC)fst00889035 
655 0 |a Electronic journals. 
710 2 |a Institute for Operations Research and the Management Sciences. 
776 1 |t Decision analysis  |x 1545-8490  |w (DLC) 2003215413  |w (OCoLC)52799226 
856 4 0 |z Full text available from Research Library: 06/01/2005 to 12/31/2009  |u https://search.proquest.com/publication/28339